logo

Bir Sreshtho Munshi Abdur Rouf Library
Jhenaidah Cadet College

Jo's boys / (Record no. 6862)

MARC details
000 -LEADER
fixed length control field 00606nam a22002413a 4500
001 - CONTROL NUMBER
JCCL Control Number 6862
003 - CONTROL NUMBER IDENTIFIER
JCCL marc code UkOxU
005 - DATE AND TIME OF LATEST TRANSACTION
control field 20180303165132.0
008 - FIXED-LENGTH DATA ELEMENTS--GENERAL INFORMATION
fixed length control field 500101s1947 xx j 000 1 und d
035 ## - SYSTEM CONTROL NUMBER
system control number OCLC pks02744836 from D950504K
040 ## - CATALOGING SOURCE
Original cataloging agency EQO
Transcribing agency EQO
Modifying agency BD-JhCC
041 ## - LANGUAGE CODE
Language code of Book eng
082 ## - DEWEY DECIMAL CLASSIFICATION NUMBER
Classification number 813.4
Author mark and Year ALO 1947
100 1# - MAIN ENTRY--PERSONAL NAME
Personal name Alcott, Louisa May,
Dates associated with a name 1832-1888.
245 10 - TITLE STATEMENT
Title Jo's boys /
Statement of responsibility, etc Louisa May Alcott,
260 ## - PUBLICATION, DISTRIBUTION, ETC. (IMPRINT)
Place of publication, distribution, etc Lond,
Date of publication, distribution, etc 1947
300 ## - PHYSICAL DESCRIPTION
Pagination 304p. :
Dimensions 20cm.
490 1# - SERIES STATEMENT
Series statement Children's classics
650 ## - SUBJECT ADDED ENTRY--TOPICAL TERM
Topical term or geographic name as entry element Boarding school
830 #0 - SERIES ADDED ENTRY--UNIFORM TITLE
Uniform title Children's classics
942 ## - ADDED ENTRY ELEMENTS (KOHA)
Source of classification or shelving scheme Dewey Decimal Classification
Koha item type Books
Holdings
Source of classification or shelving scheme Damaged status Not for loan Home library Current library Shelving location Total Checkouts Full call number Barcode Date last seen Copy number Koha item type
Dewey Decimal Classification     JCC Rouf Library JCC Rouf Library General Stacks   813.4 ALO 1947 9376 01/31/2018 C - 1 Books
Dewey Decimal Classification     JCC Rouf Library JCC Rouf Library General Stacks   813.4 ALO 1947 9624 02/05/2018 C - 1 Books

JCC Library | Contacts | JCC Home

Last Update on 23 September 2017
Copyright @ 2017-2020 JCC Rouf Library
Rouf Library, Jhenidah Cadet College (JCC), Bangladesh